Leader xxxxxxxxxx
001 __ PCLIS00056316
005 __ 20221118180833.0
010 0_ |a978-986-450-417-6|b平裝|dNT$420
100 __ |a20221031d2022 m y0chiy09 e
101 0_ |achi
102 __ |atw
105 __ |ac z 000cd
200 1_ |a九歌...散文選|e|h110年度|dEssays|zeng|f孫梓評主編
205 __ |a初版
210 __ |a臺北市|c九歌|d2022.03[民111]
215 0_ |a367面|c像|d21公分
225 2_ |a九歌文庫|v1374
300 __ |a作者號取自題名
300 __ |a書背及版權頁題名: 九歌110年散文選
300 __ |a附錄: 一一○年年度散文紀事線上版 / 杜秀卿
410 _0 |12001 |a九歌文庫|v1374
510 1_ |aEssays|zeng
516 1_ |a九歌110年散文選|zchi
517 1_ |a九歌110年度散文選|zchi
516 1_ |a九歌一一○年散文選|zchi
517 1_ |a九歌一一○年度散文選|zchi
517 1_ |aCollected essays 2021|zeng
606 __ |2cst|a散文
681 __ |a855|b8677
681 __ |a863.55|b8354
700 __ |a|b|4
702 _1 |a孫|b梓評|4主編
801 _0 |atw|b內湖高中|c20221031|gCCR
856 42 |uhttps://www.chiuko.com.tw/books00015
|